000 00843nam a2200253Ia 4500
003 OSt
005 20220930065131.0
006 a|||||r|||| 00| 0
007 ta
008 220926b |||||||| |||| 00| 0 eng d
024 _a5187
037 _cTheses
040 _aCRL
_cCRL
_beng
041 _2eng
_aeng
100 _aKusum Lata
_9525456
110 _aUniversity of Delhi. Faculty of Medical Sciences. Department of Medicine
245 0 _aIntracranial tumors and lesions behaving like tumors A clinical study with an emphasis on clinico-pathological co-relation
260 _c1967
650 _aMEDICINE
700 _a Dr M L Sharma Supervisor
_9523059
700 _aUniversity of Delhi. Faculty of Medical Sciences. Department of Medicine
942 _cDIS
_2CC
999 _c859147
_d859147